Australian geography by letter: P - Statistics

General Stats
  • This quiz has been taken 50 times
  • The average score is 5 of 11
Answer Stats
Hint Answer % Correct
City by the Indian Ocean Perth
91%
Mammal whose female lays eggs and whose male is venomous Platypus
87%
Arthur, Adelaide or Douglas Port
72%
Suburb originally settled in 1788 as farmland to supply Sydney Parramatta
54%
Children's, Diamond or Carpet Python
52%
Mountain, valley and ski resort in the Kosciuszko National Park Perisher
35%
Second largest city in the Northern Territory Palmerston
26%
Suburb that juts into Sydney Harbour, immediately east of the CBD Potts Point
22%
Suburb that juts into an inlet of Sydney Harbour, immediately west of the CBD Pyrmont
22%
Marsupial that looks rather like a small wallaby Pademelon
9%
Sydney suburb named for a nearby circular valley Punchbowl
2%
No matching quizzes found
Score Distribution
Percent of People with Each Score
Percentile by Number Answered
Your Score History
You have not taken this quiz